000 00414nam a22001457a 4500
008 250602b |||||||| |||| 00| 0 eng d
020 _a9789789052516
050 _aBV 2061.3
_bJ 36
100 _aJanvier George
245 _aEvangelism and discipleship: Training for africa
260 _aPlateau
_bAfrican christian textbooks
_c2015
300 _a135
650 _amission practice
_vmissions history
942 _cBK
999 _c3738
_d3738